1532 1598 1098 1818 1844 1061 1769 1554 1275 1443 1348 1175 1919 1069 1501 1077 1472 1584 1379 1647 1455 1254 1997 1378 1166 1882 1188 1915 1290 1006 1743 1825 1760 1785 1811 1360 1140 1489 1423 1408 1689 1103 1347 1985 1001 1429 1075 1960 1663 1974 1175 1739 1949 1452 1095 1960 1150 1662 1080 1134 1637 1827 1818 1548 1530 1954 1855 1020 1921 1174 1333 1801 1197 1981 1108 1359 1679 1457 1972 1977 1526 1206 1623 1184 1699 1561 1494 1515 1824 1970 1611 1677 1515 1786 1138 1988 1692 1045 1420 BCNSPRNW ULIB Ver.6.0+V

เปลี่ยนเป็นภาษาไทย

Change to English
 แสดงรายละเอียดบรรณานุกรม
  กลับหน้าหลัก

Brief Record : Get Marc (ISO 2709) : E-mail record : QR code < ปิดหน้าต่าง
LEADER : 00000nam 2200000uu 4500
001    13399112497
003     ULIB
008    110627s2552||||th 000 0 tha d
020    9786110600248
090    นว.^bม756L 2552
100 0  เมย์ 112
245 00 Lovey brother แผนรักร้ายของ(พี่)ชายจอมเจ้าเล่ห์/^cเมย์ 112
250    พิมพ์ครั้งที่ 1
260    กรุงเทพฯ :^bแจ่มใส,^c2552
300    195 หน้า
710 1  แจ่มใส
945    ^p149^l0^i026131
995    ทศพร
999 ^a ใช้งานได้ทุกระบบ
รายการนี้ยังไม่มีแท็ก
คุณยังไม่ได้ล็อกอิน คุณสามารถมีกิจกรรมร่วมกับเว็บไซต์ได้ แต่ต้องล็อกอินก่อน ::
  ล็อกอิน

รายการสื่อสารสนเทศ

ลำดับที่ ประเภท เลขเรียก/บาร์โค้ด สถานที่ สถานะ
- ไม่พบข้อมูล -

รายการใกล้เคียง
    ผู้แต่ง [เมย์ 112]

BibComment


ยังไม่เคยถูกคอมเมนท์

คอมเมนท์ทรัพยากรรายการนี้
  คอมเมนท์: Lovey brother แผน..


 Copyright 2026. Bcnsprnw @Library